书目信息 |
| 题名: |
数字摄影基础
|
|
| 作者: | 刘小清 主编 | |
| 分册: | ||
| 出版信息: | 北京 高等教育出版社 2008.08 |
|
| 页数: | 80页 | |
| 开本: | 26cm | |
| 丛书名: | ||
| 单 册: | ||
| 中图分类: | TB86 | |
| 科图分类: | ||
| 主题词: | 摄影--各种 , 摄影技术--各种 | |
| 电子资源: | ||
| ISBN: | 978-7-04-024665-0 | |
| 000 | 00585nam0 2200205 450 | |
| 001 | 247 | |
| 005 | 20160905101549.40 | |
| 010 | @a978-7-04-024665-0@dCNY24.00 | |
| 100 | @a20160721d2008 km y0chiy0120 ea | |
| 101 | 0 | @achi |
| 102 | @aCN@b110000 | |
| 200 | 1 | @a数字摄影基础@Ashu zi she ying ji chu@f刘小清主编@Fliu xiao qing zhu bian |
| 210 | @a北京@c高等教育出版社@d2008.08 | |
| 215 | @a80页@d26cm | |
| 606 | 0 | @a摄影@x各种 |
| 606 | 0 | @a摄影技术@x各种 |
| 690 | @aTB86@v4 | |
| 701 | 0 | @a刘小清@Aliu xiao qing@4主编 |
| 801 | 0 | @aCN@b唐山师范学院图书馆@c20160721 |
| 905 | @aZUCC@dTB86@e157 | |
| 数字摄影基础/刘小清主编.-北京:高等教育出版社,2008.08 |
| 80页;26cm |
| ISBN 978-7-04-024665-0:CNY24.00 |
| ● |
| 相关链接 |
|
|
|
|
正题名:数字摄影基础
索取号:TB86/157
 
预约/预借
| 序号 | 登录号 | 条形码 | 馆藏地/架位号 | 状态 | 备注 |
| 1 | 901018 | 209010185 | 第二样本阅览室/ [索取号:TB86/157] | 在馆 | |
| 2 | 901019 | 209010194 | 第三借阅区/ [索取号:TB86/157] | 在馆 | |
| 3 | 901020 | 209010201 | 密集书库-物理学院/ [索取号:TB86/157] | 在馆 | |
| 4 | 901021 | 209010210 | 第三借阅区/ [索取号:TB86/157] | 在馆 | |
| 5 | 901022 | 209010229 | 第三借阅区/ [索取号:TB86/157] | 在馆 |